1980s One Hit Wonders - Statistics

General Stats
  • This quiz has been taken 26,389 times
    19,090 since last reset
  • The average score is 10 of 20
Answer Stats
Year Song Musical Act % Correct
1985 Take on Me A-Ha
84%
1986 The Final Countdown Europe
78%
1982 Eye of the Tiger Survivor
72%
1981 Tainted Love Soft Cell
63%
1988 Don't Worry, Be Happy Bobby McFerrin
60%
1982 99 Luftballons Nena
60%
1982 Come On Eileen Dexys Midnight Runners
59%
1984 We're Not Gonna Take It Twisted Sister
58%
1986 Rock Me Amadeus Falco
57%
1980 Whip It Devo
53%
1982 The Safety Dance Men Without Hats
48%
1982 I Ran (So Far Away) A Flock of Seagulls
43%
1986 (I Just) Died In Your Arms Cutting Crew
42%
1982 Mickey Toni Basil
42%
1982 867-5309/Jenny Tommy Tutone
36%
1984 You Spin Me Round Dead or Alive
34%
1980 Funkytown Lipps, Inc
34%
1982 I Want Candy Bow Wow Wow
29%
1989 Bust a Move Young MC
29%
1983 Maniac Michael Sembello
21%
No matching quizzes found
Score Distribution
Percent of People with Each Score
Percentile by Number Answered
Your Score History
You have not taken this quiz since the last reset